The record keeper

Bibliographic Details
Main Author: Gomillion, Agnes
Format: Book
Published: London : Titan Books , 2019
Subjects:

MARC

LEADER 00000cam a2200000 7i4500
001 0000278589
005 20201210093544.0
020 |a 9781789091151 
090 0 |a F   |b GOM 
100 1 |a Gomillion, Agnes 
245 1 4 |a The record keeper   |c Agnes Gomillion 
260 |a London :   |b Titan Books ,   |c 2019 
300 |a 457p. ;   |c 20cm. 
650 0 |a Fiction 
999 |a 00385712   |b BUKU   |c PINJAMAN   |e PERPUSTAKAAN KOMUNITI PETALING JAYA